LEADER 01112nam 2200385 450 001 9910478936303321 010 $a1-62320-107-1 035 $a(CKB)4100000007585549 035 $a(MiAaPQ)EBC5649152 035 $a(EXLCZ)994100000007585549 100 $a20190216d2019 uy 0 101 0 $aeng 135 $aurcnu|||||||| 181 $ctxt$2rdacontent 182 $cc$2rdamedia 183 $acr$2rdacarrier 200 10$aReforming China's capital market$iThe future development path$hVolume 2 /$fWu Xiaoqiu 210 1$aHonolulu, HI :$cEnrich Professional Publishing,$d[2019] 210 4$dİ2019 215 $a1 online resource (264 pages) 311 $a1-62320-106-3 606 $aCapital market$zChina 606 $aTrade regulation$zChina 608 $aElectronic books. 615 0$aCapital market 615 0$aTrade regulation 676 $a332.04150951 700 $aXiaoqiu$b Wu$0927556 801 0$bMiAaPQ 801 1$bMiAaPQ 801 2$bMiAaPQ 906 $aBOOK 912 $a9910478936303321 996 $aReforming China's capital market$92260770 997 $aUNINA LEADER 01623nam 2200361 n 450 001 996389998303316 005 20200824120708.0 035 $a(CKB)4940000000101001 035 $a(EEBO)2240864401 035 $a(UnM)99836284e 035 $a(UnM)99836284 035 $a(EXLCZ)994940000000101001 100 $a19900831d1619 uy | 101 0 $aeng 135 $aurbn||||a|bb| 200 14$aThe anatomie of a distressed soule$b[electronic resource] $eWherein, the faults of the elect,are discerned from the sinnes of the wicked, spirituall defections cured, confused consciences resolued, all meanes of presumption and desperation remoued, the sicknesse, dulnesse, and deadnesse of the spirit releeued, crosses and temptations inward, and afflictions outward remedied, for the benefite of all that groane vnder the burthen of sinne, and feeling of Gods anger, thirsting for the sense of reconciliation in the blood of the lambe 210 $aLondon $cPrinted by Nicholas Okes, for Daniel Speed; and are to be sold at his shop vnder S. Mildreds Church in the Poultry$d1619 215 $a[16], 280 p 300 $aBy Bartholomew Robertson. 300 $aSome pages marked and stained. 300 $aReproduction of the original in the Bodleian Library. 330 $aeebo-0014 606 $aSin$vEarly works to 1800 615 0$aSin 700 $aRobertson$b Bartholomew$ffl. 1620.$01002950 801 0$bCu-RivES 801 1$bCu-RivES 801 2$bCStRLIN 801 2$bWaOLN 906 $aBOOK 912 $a996389998303316 996 $aThe anatomie of a distressed soule$92387013 997 $aUNISA